000 00535nam a2200229Ia 4500
003 LK-CoDNM
008 010623t1967 xxu||||| |||| 00| 1 eng d
040 _aLK-CoDNM
_dLK-CoDNM
_eLK-CoDNM
041 _aeng
080 _aT 21
245 _aTimes of Ceylon annual,1967
260 _bTimes of Ceylon
_aColombo
_c1967
300 _b?,ill,pl., 29 cm
650 _aAnimals
650 _aDancing
650 _aDutch Fortalices
650 _aGems
650 _aJewellery
650 _aPortuguese
650 _aTea
942 _cBK
999 _c107323
_d107323